Normal view
MARC view
- Sikhs
Entry Topical Term
001 - CONTROL NUMBER
- control field: 50460
003 - CONTROL NUMBER IDENTIFIER
- control field: NUST
005 - DATE AND TIME OF LATEST TRANSACTION
- control field: 20210314134638.0
008 - FIXED-LENGTH DATA ELEMENTS
- fixed length control field: 210314|| aca||aabn | a|a d
040 ## - CATALOGING SOURCE
- Original cataloging agency: NUST
- Transcribing agency: NUST
150 ## - HEADING--TOPICAL TERM
- Topical term or geographic name entry element: Sikhs
- General subdivision: History
670 ## - SOURCE DATA FOUND
- Source citation: Work cat.: (NUST): ALLEN, WM 50459, History of the Punjab and of the rise, progress & present condition of the sect and nation of the Sikhs., 1846
